Guess the Starkid Twisted lyrics Quiz Stats

Quiz not verified by Sporcle

Challenge
Share
Tweet
Embed
Score 0/300 Timer 10:00
0 Plays Today
Lyrics % Correct
I
95.7%
I
95.7%
I
95.7%
I
95.7%
I
95.7%
I
95.7%
I
95.7%
I
95.7%
I
95.7%
I
95.7%
I
95.7%
I
95.7%
I
95.7%
I
95.7%
a
92.6%
a
92.6%
a
92.6%
a
92.6%
a
92.6%
a
92.6%
a
92.6%
the
83.9%
the
83.9%
the
83.9%
the
83.9%
the
83.9%
the
83.9%
the
83.9%
the
83.9%
the
83.9%
the
83.9%
the
83.9%
to
81.3%
to
81.3%
to
81.3%
to
81.3%
to
81.3%
to
81.3%
to
81.3%
to
81.3%
to
81.3%
to
81.3%
to
81.3%
to
81.3%
to
81.3%
to
81.3%
to
81.3%
to
81.3%
to
81.3%
to
81.3%
to
81.3%
to
81.3%
to
81.3%
to
81.3%
to
81.3%
to
81.3%
you
80.9%
you
80.9%
an
80.4%
and
79.6%
and
79.6%
and
79.6%
and
79.6%
and
79.6%
and
79.6%
and
79.6%
and
79.6%
your
77.4%
your
77.4%
no
77.4%
your
77.4%
your
77.4%
your
77.4%
your
77.4%
your
77.4%
no
77.4%
in
77%
want
77%
want
77%
want
77%
want
77%
in
77%
want
77%
want
77%
want
77%
want
77%
know
76.5%
know
76.5%
know
76.5%
know
76.5%
know
76.5%
know
76.5%
so
76.5%
know
76.5%
know
76.5%
know
76.5%
know
76.5%
know
76.5%
know
76.5%
know
76.5%
Lyrics % Correct
me
76.1%
me
76.1%
thousand
74.8%
thousand
74.8%
he's
74.8%
thousand
74.8%
he
74.3%
he
74.3%
he
74.3%
he
74.3%
nights
74.3%
nights
74.3%
nights
74.3%
tales
73.5%
fill
73.5%
as
73.5%
as
73.5%
fill
73.5%
every
73%
tale
73%
every
73%
every
73%
story
72.6%
story
72.6%
story
72.6%
story
72.6%
story
72.6%
story
72.6%
story
72.6%
story
72.6%
my
71.7%
my
71.7%
one
71.3%
of
71.3%
of
71.3%
one
71.3%
now
70.4%
young
70.4%
her
70.4%
her
70.4%
tell
70.4%
make
70.4%
tell
70.4%
now
70.4%
young
70.4%
her
70.4%
her
70.4%
make
70.4%
tell
70.4%
now
70.4%
make
70.4%
past
70%
twist
70%
twist
70%
past
70%
is
70%
is
70%
it
69.6%
it
69.6%
kind
69.1%
with
69.1%
with
69.1%
with
69.1%
he's
68.7%
he's
68.7%
handsome
68.7%
handsome
68.7%
he's
68.7%
come
68.3%
girl
67.8%
comes
67%
mind
67%
say
67%
from
67%
comes
67%
I'm
67%
say
67%
for
67%
meets
66.1%
him
66.1%
part
66.1%
last
66.1%
part
66.1%
him
66.1%
meets
66.1%
that
66.1%
him
66.1%
him
66.1%
last
66.1%
part
66.1%
that
66.1%
noble
65.7%
when
65.7%
out
65.2%
all
65.2%
I've
65.2%
I've
65.2%
all
65.2%
vizier
64.8%
his
64.8%
Lyrics % Correct
detail
64.8%
turn
64.8%
can't
64.8%
vizier
64.8%
inspire
64.8%
too
64.8%
not
64.8%
something
64.3%
leave
64.3%
something
64.3%
she's
64.3%
she
64.3%
something
64.3%
another
63.9%
along
63.9%
way
63.9%
eyes
63.9%
start
63.9%
eyes
63.9%
slowly
63.5%
day
63.5%
at
63%
each
63%
stories
63%
at
63%
stories
63%
had
62.6%
had
62.6%
seem
62.2%
once
61.7%
inspires
61.7%
once
61.7%
inspires
61.7%
learn
61.3%
knew
61.3%
fate
61.3%
them
61.3%
beckons
60.9%
missed
60.9%
much
60.9%
recall
60.9%
missed
60.9%
beckons
60.9%
our
60.9%
thought
60.4%
future
60.4%
enough
59.6%
end
59.6%
frightened
59.1%
face
59.1%
face
59.1%
help
59.1%
heights
58.7%
brilliant
58.7%
change
58.7%
man
58.7%
days
58.7%
let's
58.7%
unexpected
58.3%
never
58.3%
surprise
57.4%
didn't
57.4%
mine
57.4%
mystery
57%
until
57%
spend
57%
ours
57%
familiar
56.5%
girl's
56.5%
heart
56.1%
unknowable
55.7%
palace
54.8%
fateful
54.8%
til
54.8%
missing
53.9%
by
53.9%
entered
53.9%
wish
53.9%
planned
53.5%
found
53%
comfort
52.2%
bit
52.2%
cared
52.2%
only
52.2%
ascends
51.7%
walls
51.7%
may
51.3%
wondrous
50.4%
strange
50.4%
beautiful
50.4%
linger
50.4%
wise
50%
intertwine
50%
discovered
49.6%
she's
49.6%
callow
48.7%
within
47.8%
savour
45.2%
over
44.8%
plots
36.5%

You're not logged in!

Compare scores with friends on all Sporcle quizzes.
Sign Up with Email
OR
Log In

You Might Also Like...

Show Comments

Extras

Top Quizzes Today


Score Distribution

Your Account Isn't Verified!

In order to create a playlist on Sporcle, you need to verify the email address you used during registration. Go to your Sporcle Settings to finish the process.